[Event "Tournoi n27421"]
[Site "www.echecsemail.com"]
[Date "2026.02.01"]
[Round "1"]
[White "Nemesis"]
[Black "Legros"]
[WhiteElo "1809"]
[BlackElo "1760"]
[Result "1-0"]
1.e4 Ng8f6
2.e5 Nf6d5
3.d4 d6
4.Ng1f3 Nb8c6
5.c4 Nd5b6
6.e6 fxe6
7.Nb1c3 d5
8.c5 Nb6d7
9.Bf1b5 Nd7f6
10.Bb5xc6 bxc6
11.Nf3e5 Bc8b7
12.O-O Qd8b8
13.Qd1f3 g6
14.Qf3h3 Qb8c8
15.Ne5xg6 Kf7
16.Ng6xh8 Ke8
17.Rf1e1 Bf8g7
18.Re1xe6 Bg7xh8
19.Bc1g5 Kf7
20.Ra1e1 Qc8f8
21.Bg5xf6 Bh8xf6
22.Qh3xh7 Ke8
23.Nc3e2 Kd7
24.Ne2f4 Bf6xd4
25.Re6xe7 Kc8
26.Re7xc7 { abandon }1-0

[Event "Tournoi n27419"]
[Site "www.echecsemail.com"]
[Date "2026.02.01"]
[Round "1"]
[White "Verson"]
[Black "Wenoketo"]
[WhiteElo "1810"]
[BlackElo "1710"]
[Result "1-0"]
1.d4 d5
2.Ng1f3 Ng8f6
3.e3 Bc8f5
4.c4 dxc4
5.Bf1xc4 e6
6.O-O Nb8d7
7.Nb1c3 Bf8e7
8.h3 O-O
9.Nf3h4 Bf5e4
10.Nc3xe4 Nf6xe4
11.Nh4f3 Ne4f6
12.Qd1c2 a6
13.b3 Ra8c8
14.e4 Nd7b6
15.Bc4d3 h6
16.Bc1b2 Nb6d7
17.Ra1c1 c6
18.Rf1d1 Nd7b6
19.Qc2e2 Rf8e8
20.Nf3e5 Be7d6
21.Ne5c4 Nb6xc4
22.Bd3xc4 Bd6b8
23.e5 Nf6d5
24.Qe2e4 Qd8g5
25.Bc4d3 g6
26.a3 Bb8a7
27.Rc1c2 c5
28.Bb2c1 Qg5h5
29.Qe4g4 Qh5xg4
30.hxg4 cxd4
31.Bc1d2 Rc8xc2
32.Bd3xc2 Re8c8
33.Bc2e4 b5
34.Be4xd5 exd5
35.Rd1c1 Rc8xc1
36.Bd2xc1 g5
37.Kf1 Kf8
38.Ke2 Ke7
39.g3 Ke6
40.f4 f5
41.gxf5 Kxf5
42.Kf3 g4
43.Ke2 h5
44.Bc1d2 Ba7b6
45.Kd3 Bb6d8
46.Bd2e1 Bd8c7
47.Kxd4 Ke6
48.Kc5 Kd7
49.Kxd5 { abandon }1-0

[Event "Défi"]
[Site "www.echecsemail.com"]
[Date "2026.02.01"]
[Round "1"]
[White "Lancien57"]
[Black "Jlr"]
[WhiteElo "1440"]
[BlackElo "1380"]
[Result "0-1"]
1.e4 e5
2.Ng1f3 Nb8c6
3.Bf1e2 Ng8f6
4.Nb1c3 Bf8c5
5.d3 d6
6.Bc1d2 a6
7.Nc3d5 Nf6g4
8.O-O h5
9.h3 Ng4xf2
10.Rf1xf2 h4
11.Bd2g5 Bc5xf2
12.Kxf2 f6
13.Bg5xh4 g5
14.Bh4g3 g4
15.hxg4 Bc8xg4
16.Nf3h4 Bg4xe2
17.Qd1xe2 Nc6d4
18.Qe2d2 c6
19.Nd5c3 Qd8b6
20.Nh4f5 Nd4xf5
21.Kf3 Nf5d4
22.Kf2 Nd4xc2
23.Kf3 Nc2d4
24.Kg4 Rh8g8
25.Kh3 Rg8h8
26.Bg3h4 Kf7
27.g3 Nd4f3
28.Qd2e2 Nf3g1
29.Ra1xg1 Qb6xg1
30.Kg4 Ra8g8
31.Kf3 b5
32.Qe2f2 Qg1h1
33.Qf2g2 Qh1xg2
34.Kxg2 Rh8xh4
35.Nc3e2 Rh4g4
36.b3 c5
37.a3 c4
38.bxc4 bxc4
39.dxc4 Rg4xe4
40.Kf3 Re4xc4
41.a4 Rc4xa4
42.Kg2 Ra4a2
43.Kf3 d5
44.g4 e4
45.Ke3 Rg8xg4
46.Ne2c3 Ra2a3
47.Kd2 d4
48.Nc3b1 Ra3a2
49.Kc1 Rg4g1
0-1

[Event "ZGOUGOU"]
[Site "www.echecsemail.com"]
[Date "2026.02.01"]
[Round "1"]
[White "Legrillon"]
[Black "Casisimed"]
[WhiteElo "1740"]
[BlackElo "1620"]
[Result "0-1"]
1.e4 e5
2.Ng1f3 Nb8c6
3.Nb1c3 Ng8f6
4.Bf1c4 Bf8b4
5.d3 O-O
6.h3 d6
7.Bc1d2 Bc8e6
8.Bc4xe6 fxe6
9.O-O d5
10.exd5 exd5
11.Nc3e2 e4
12.Bd2xb4 Nc6xb4
13.Nf3d4 exd3
14.cxd3 c5
15.Nd4f3 Nf6h5
16.a3 Nb4c6
17.Rf1e1 Qd8f6
18.Qd1d2 Nc6e5
19.Qd2g5 Ne5xf3
20.Kh1 Nf3xg5
21.b4 Qf6xf2
22.Ne2g1 Nh5g3
23.Kh2 Qf2f4
24.Ra1a2 Ng3e2
25.Kh1 Ne2g3
26.Kh2 Ng3f1
{ abandon }0-1

[Event "Eq:Les enfants de l Atlantide-modesty :"]
[Site "www.echecsemail.com"]
[Date "2026.02.01"]
[Round "1"]
[White "Zax"]
[Black "Capitaine"]
[WhiteElo "2290"]
[BlackElo "2380"]
[Result "1-0"]
1.e4 c5
2.d4 cxd4
3.c3 dxc3
4.Nb1xc3 Nb8c6
5.Ng1f3 e6
6.Bf1c4 Bf8b4
7.O-O Ng8e7
8.Qd1e2 Bb4xc3
9.bxc3 Qd8c7
10.Rf1d1 Nc6e5
11.Nf3xe5 Qc7xe5
12.Bc1a3 Qe5a5
13.Ba3b4 Qa5g5
14.Bb4d6 h5
15.f4 Qg5g4
16.Qe2e3 b6
17.Bc4e2 Qg4g6
18.f5 Qg6h6
19.Qe3d3 Ne7c6
20.Rd1f1 Bc8b7
21.Ra1d1 e5
22.Bd6e7 Bb7c8
23.Be7a3 Qh6f6
24.Qd3g3 h4
25.Qg3h3 Qf6g5
26.Be2c4 Nc6e7
27.Rd1d6 f6
28.Rf1d1 Ra8b8
29.Qh3d3 h3
30.g3 Rb8b7
31.Bc4a6 Rb7c7
32.Ba6xc8 Rc7xc8
33.Rd6xd7 Ne7c6
34.Rd7b7 Rc8d8
35.Rb7b8 Qg5e3
36.Qd3xe3 Rd8xb8
37.Rd1d6 Nc6a5
38.Qe3d3 O-O
39.Rd6d7 Na5c6
40.Ba3xf8 { abandon }1-0

[Event "Coupe Niveau 3"]
[Site "www.echecsemail.com"]
[Date "2026.02.01"]
[Round "1"]
[White "Domenico"]
[Black "Verson"]
[WhiteElo "1760"]
[BlackElo "1870"]
[Result "0-1"]
1.e4 e6
2.Bf1c4 d5
3.exd5 exd5
4.Bc4e2 Ng8f6
5.d4 Bf8e7
6.Ng1f3 O-O
7.O-O c6
8.Nf3e5 Bc8f5
9.Bc1f4 Nb8d7
10.c3 Nd7xe5
11.dxe5 Nf6d7
12.Be2f3 Be7g5
13.Qd1d2 Bg5xf4
14.Qd2xf4 Bf5e6
15.Nb1d2 Qd8c7
16.Nd2b3 f6
17.Qf4e3 fxe5
18.Ra1c1 Rf8f6
19.Bf3e2 Ra8f8
20.Nb3c5 Nd7xc5
21.Qe3xc5 b6
22.Qc5a3 c5
23.b3 Rf6g6
24.b4 Be6h3
25.g3 Bh3xf1
26.Be2xf1 Rg6f6
27.bxc5 Qc7xc5
28.Qa3xc5 bxc5
29.Rc1c2 e4
30.Bf1b5 d4
31.cxd4 cxd4
32.Rc2e2 d3
33.Re2xe4 d2
34.Re4d4 Rf6xf2
35.a4 g5
36.a5 Rf8f6
37.a6 Kg7
38.Bb5c4 h5
39.Rd4d7 Kg6
40.Bc4d3 Rf2f5
41.Bd3xf5 Kxf5
42.Rd7xd2 Rf6xa6
43.h3 Ke4
44.Kf2 Ra6a3
45.Rd2b2 a5
46.Rb2e2 Kf5
47.Re2b2 a4
48.Rb2c2 Ra3d3
49.Rc2c5 Kf6
50.Rc5a5 a3
51.Ra5a6 Ke5
52.Ra6a5 Ke4
53.Ra5xg5 a2
54.Rg5a5 Rd3d2
55.Ke1 Rd2b2
56.Ra5a4 Kd3
57.Ra4a3 Kc4
58.Ra3a4 Kb3
59.Ra4a8 Rb2b1
60.Kf2 a1Q
61.Ra8xa1 Rb1xa1
62.g4 hxg4
63.hxg4 Kc4
64.Kf3 Kd5
65.Kf4 Ke6
66.Kg5 Kf7
67.Kh6 Ra1h1
{ abandon }0-1

[Event "Défi( 10J+24H/c 10J Max )"]
[Site "www.echecsemail.com"]
[Date "2026.02.01"]
[Round "1"]
[White "Titit1"]
[Black "Tiounet"]
[WhiteElo "1460"]
[BlackElo "1590"]
[Result "0-1"]
1.d4 b5
2.e4 Bc8b7
3.f3 a6
4.Bf1d3 g6
5.e5 Bf8g7
6.Ng1e2 e6
7.Bc1e3 Ng8e7
8.O-O O-O
9.Ne2g3 d6
10.exd6 cxd6
11.c3 Nb8d7
12.Qd1d2 Ra8c8
13.Be3h6 Rf8e8
14.Bh6xg7 Kxg7
15.f4 Ne7d5
16.Qd2f2 Nd7f6
17.Nb1d2 b4
18.c4 Nd5b6
19.Ng3e4 d5
20.cxd5 Nb6xd5
21.Ne4c5 Qd8c7
22.Ra1c1 a5
23.Nd2e4 Bb7c6
24.Qf2g3 Nf6xe4
25.Bd3xe4 f5
26.Be4f3 Nd5xf4
27.Rc1d1 e5
28.dxe5 Qc7xe5
29.Nc5d3 Nf4xd3
30.Rd1xd3 Qe5xg3
31.hxg3 Bc6b5
32.Rd3d1 Bb5xf1
33.Rd1xf1 Rc8c2
34.Kh2 Rc2xb2
35.Rf1d1 Rb2xa2
36.Rd1d7 Kh6
37.Bf3d5 Ra2d2
38.Rd7d6 Re8e5
39.Rd6d7 Re5xd5
40.Rd7xd5 Rd2xd5
41.Kh3 b3
42.g4 f4
43.g3 f3
44.Kh2 b2
45.Kg1 Rd5d2
46.Kf1 b1Q
0-1

[Event "Tournoi n27303"]
[Site "www.echecsemail.com"]
[Date "2026.02.01"]
[Round "1"]
[White "Panchoa"]
[Black "Lancien57"]
[WhiteElo "1610"]
[BlackElo "1500"]
[Result "1-0"]
1.e4 e5
2.Ng1f3 d6
3.Nb1c3 Bf8e7
4.Bf1c4 h6
5.O-O Ng8f6
6.d4 exd4
7.Nf3xd4 O-O
8.Nd4f3 Bc8d7
9.Nc3e2 Nb8c6
10.Ne2g3 Nc6e5
11.Qd1e2 Ne5xf3
12.Qe2xf3 Bd7g4
13.Qf3d3 a6
14.b4 c6
15.Bc4b3 b5
16.Rf1e1 a5
17.c3 axb4
18.Bb3c2 bxc3
19.e5 dxe5
20.Ng3f5 Bg4xf5
21.Qd3xf5 Be7d6
22.Qf5f3 b4
23.Qf3xc6 Ra8c8
24.Qc6b5 Rc8b8
25.Qb5d3 Rf8e8
26.g4 Bd6c5
27.Qd3f5 Bc5d6
28.g5 e4
29.gxf6 Qd8xf6
30.Qf5xf6 gxf6
31.Bc1xh6 f5
32.Kh1 Bd6f8
33.Re1g1 Kh7
34.Bh6f4 Bf8h6
35.Bf4xb8 Re8xb8
36.Rg1d1 Rb8b7
37.Rd1d5 Kg6
38.Ra1g1 Kf6
39.Rd5d6 Ke7
40.Rd6xh6 Rb7d7
41.Rg1b1 Rd7d2
42.Bc2b3 Rd2xf2
43.Rh6h7 c2
44.Rb1c1 Rf2d2
45.Bb3xc2 Ke6
46.Bc2b3 Ke5
47.Rh7xf7 f4
48.Rc1c5 Kd4
49.Rc5d5 Ke3
50.Rd5xd2 Kxd2
51.Rf7xf4 e3
52.Bb3c4 e2
53.Bc4xe2 Kxe2
54.Rf4xb4 Kf3
55.h4 Ke3
56.h5 Kd3
57.h6 Kc3
58.Rb4h4 Kb2
59.h7 Kxa2
60.h8Q Kb3
61.Qh8d4 Kc2
62.Qd4e3 Kb2
63.Rh4h2 Kb1
64.Qe3g1 1-0

[Event "Eq:Royal Kids-La Diagonale du Fou :"]
[Site "www.echecsemail.com"]
[Date "2026.02.01"]
[Round "1"]
[White "Manulatus"]
[Black "Gimick"]
[WhiteElo "1930"]
[BlackElo "1540"]
[Result "1-0"]
1.c4 e5
2.Nb1c3 Bf8c5
3.e3 Ng8f6
4.g3 c6
5.Bf1g2 O-O
6.Ng1e2 d6
7.O-O Bc8e6
8.b3 Nb8d7
9.Bc1b2 d5
10.d4 Bc5e7
11.cxd5 cxd5
12.dxe5 Nd7xe5
13.Ne2f4 Ra8b8
14.Nf4xd5 Nf6xd5
15.Nc3xd5 Be7f6
16.Nd5xf6 Qd8xf6
17.Ra1b1 Rf8d8
18.Qd1e2 a6
19.f4 Be6g4
20.Qe2e1 Ne5d3
21.Bb2xf6 Nd3xe1
22.Bf6xd8 Rb8xd8
23.Rf1xe1 b5
24.e4 f6
25.e5 Kf7
26.Rb1c1 Rd8d2
27.Rc1c7 Kg6
28.Bg2e4 Kh5
29.Rc7xg7 { abandon }1-0

[Event "Michael Tal 30"]
[Site "www.echecsemail.com"]
[Date "2026.02.01"]
[Round "1"]
[White "Orosco"]
[Black "Dameroi"]
[WhiteElo "2220"]
[BlackElo "1880"]
[Result "1-0"]
1.e4 e5
2.f4 d6
3.d4 exd4
4.Qd1xd4 Nb8c6
5.Bf1b5 Bc8d7
6.Bb5xc6 Bd7xc6
7.Nb1c3 Ng8f6
8.Ng1f3 Bf8e7
9.Bc1e3 O-O
10.O-O-O a5
11.Qd4d3 b5
12.Nf3d4 Bc6d7
13.Nd4xb5 Qd8b8
14.a4 Qb8b7
15.Rh1e1 Rf8b8
16.b3 h6
17.Kb2 Bd7xb5
18.axb5 c6
19.b6 Nf6d7
20.e5 d5
21.Nc3a4 Be7d8
22.e6 fxe6
23.Qd3g6 Bd8f6
24.Kb1 c5
25.Be3xc5 Nd7xc5
26.Na4xc5 Qb7c6
27.Re1xe6 Qc6xc5
28.Re6xf6 Rb8b7
29.Rf6d6 a4
30.Rd1xd5 Qc5xd5
31.Rd6xd5 axb3
32.Qg6e6 Kh7
33.cxb3 Ra8b8
34.Rd5d6 Rb8a8
35.Qe6e4 { abandon }1-0

[Event "Tournoi échelle division 1"]
[Site "www.echecsemail.com"]
[Date "2026.02.01"]
[Round "1"]
[White "Verson"]
[Black "Domenico"]
[WhiteElo "1850"]
[BlackElo "1790"]
[Result "1/2-1/2"]
1.d4 d5
2.e3 Bc8f5
3.c3 e6
4.Ng1f3 Bf8e7
5.Qd1b3 b6
6.Nf3e5 Ng8f6
7.Bf1b5 Nf6d7
8.O-O O-O
9.Nb1d2 Nd7xe5
10.dxe5 c6
11.Bb5e2 Nb8d7
12.f4 c5
13.Nd2f3 c4
14.Qb3d1 Nd7c5
15.Nf3d4 Nc5e4
16.Nd4xf5 exf5
17.Bc1d2 Be7c5
18.Bd2c1 Qd8h4
19.Be2f3 Ra8d8
20.Qd1e2 Rf8e8
21.Bf3xe4 dxe4
22.g3 Qh4h3
23.b4 Rd8d3
24.bxc5 bxc5
25.Bc1b2 Re8e6
26.Rf1e1 Re6g6
27.Ra1d1 h5
28.Rd1d2 h4
29.Rd2xd3 cxd3
30.Qe2g2 Qh3xg2
31.Kxg2 hxg3
32.hxg3 c4
33.Bb2a3 Rg6a6
34.Ba3b4 Ra6xa2
35.Kh3 a5
36.Bb4c5 Ra2e2
37.Re1d1 a4
38.g4 g6
39.gxf5 gxf5
40.Rd1a1 d2
41.Ra1d1 a3
42.Bc5xa3 Re2xe3
43.Kg2 Re3e2
44.Kf1 Re2h2
45.Kg1 Rh2h3
46.Rd1xd2 Rh3xc3
47.Rd2g2 Kh7
48.Ba3f8 Rc3f3
49.Rg2g7 Kh8
50.Rg7xf7 Rf3xf4
51.e6 e3
52.Bf8b4 e2
53.e7 Rf4f1
54.Kg2 e1Q
55.Bb4xe1 Rf1xe1
56.Rf7f8 Kg7
57.e8Q Re1xe8
58.Rf8xf5 Re8c8
59.Rf5f1 c3
60.Rf1c1 Kf6
61.Kf3 Ke5
62.Ke3 Rc8c5
63.Kd3 { nul }1/2-1/2

[Event "Défi( 10J+24H/c 10J Max )"]
[Site "www.echecsemail.com"]
[Date "2026.02.01"]
[Round "1"]
[White "Sam"]
[Black "Lisette"]
[WhiteElo "1670"]
[BlackElo "1449"]
[Result "1/2-1/2"]
1.e4 e5
2.Bf1c4 Ng8f6
3.Nb1c3 Bf8c5
4.d3 d6
5.Bc1g5 O-O
6.Ng1f3 Bc8g4
7.h3 Bg4xf3
8.Qd1xf3 Nb8d7
9.O-O-O a6
10.Nc3d5 b5
11.Bc4b3 c6
12.Nd5xf6 Nd7xf6
13.h4 h6
14.Bg5xf6 Qd8xf6
15.Qf3xf6 gxf6
16.f3 a5
17.a3 a4
18.Bb3a2 b4
19.axb4 Bc5xb4
20.c3 Bb4a5
21.d4 Rf8b8
22.dxe5 dxe5
23.Rd1d6 a3
24.b4 Ba5xb4
25.cxb4 Rb8xb4
26.Rd6xf6 Rb4b2
27.Ba2xf7 Kg7
28.Rf6f5 Rb2xg2
29.Rh1d1 a2
30.Bf7xa2 Ra8xa2
31.Rd1d7 Kg6
32.Rd7d6 Kg7
33.Rd6d7 Kg6
34.Kb1 Ra2f2
35.Rd7d6 Kg7
36.Rd6d7 Kg6
37.Rd7d6 Kg7
38.Rd6xc6 Rf2f1
39.Rc6c1 Rf1xc1
40.Kxc1 Rg2h2
41.Rf5xe5 Rh2xh4
42.Re5e7 Kf6
43.Re7h7 Ke5
44.Rh7e7 Kf4
45.Re7f7 Ke5
46.Rf7f5 Ke6
47.Kd2 Rh4h1
48.Ke3 h5
49.f4 h4
50.Rf5h5 h3
51.f5 Ke5
52.Rh5h6 Rh1e1
53.Kf3 Re1xe4
54.Rh6xh3 Re4f4
55.Ke3 Kxf5
56.Rh3f3 Rf4xf3
57.Kxf3 1/2-1/2

[Event "Coupe Niveau 3"]
[Site "www.echecsemail.com"]
[Date "2026.02.01"]
[Round "1"]
[White "Panchoa"]
[Black "Verson"]
[WhiteElo "1610"]
[BlackElo "1870"]
[Result "1-0"]
1.e4 e6
2.Nb1c3 d5
3.exd5 exd5
4.d4 Ng8f6
5.Bc1g5 Bf8e7
6.Qd1e2 O-O
7.Ng1f3 Rf8e8
8.O-O-O Bc8g4
9.Kb1 c6
10.Qe2d3 Nb8d7
11.Bf1e2 Qd8c7
12.h3 Bg4h5
13.Rh1e1 b5
14.Nf3e5 Nd7xe5
15.Qd3f5 Ne5c4
16.Bg5xf6 Be7xf6
17.Qf5xh5 g6
18.Qh5h6 Bf6g7
19.Qh6g5 Re8e7
20.Be2xc4 bxc4
21.Re1xe7 Qc7b6
22.Rd1e1 Ra8f8
23.Re7e8 Qb6xd4
24.Re1e7 Qd4xf2
25.a3 Bg7f6
26.Qg5h6 Bf6xe7
27.Re8xe7 Qf2c5
28.Qh6h4 Kg7
29.Re7c7 Qc5b6
30.Qh4e7 Qb6g1
31.Ka2 Qg1d4
32.Rc7xc6 { abandon }1-0

[Event "Défi"]
[Site "www.echecsemail.com"]
[Date "2026.02.01"]
[Round "1"]
[White "Midas"]
[Black "Gilberthellemans"]
[WhiteElo "1620"]
[BlackElo "1630"]
[Result "1-0"]
1.e4 e5
2.Ng1f3 d6
3.Nb1c3 c6
4.d3 h6
5.Bf1e2 Ng8f6
6.O-O Bc8e6
7.Bc1e3 a6
8.h3 Qd8d7
9.d4 exd4
10.Nf3xd4 c5
11.Nd4b3 c4
12.Nb3d4 b5
13.Be2f3 Ra8a7
14.Nd4xe6 Qd7xe6
15.Be3xa7 Nb8d7
16.Rf1e1 Bf8e7
17.Nc3d5 O-O
18.Nd5xe7 Qe6xe7
19.Ba7d4 Rf8e8
20.c3 Qe7d8
21.Qd1c2 Nd7e5
22.Bd4xe5 Re8xe5
23.Ra1d1 Qd8b6
24.Rd1d4 Nf6d7
25.Re1d1 Nd7c5
26.Rd4xd6 Qb6c7
27.Rd6d8 Kh7
28.Rd8d5 Re5e7
29.e5 g6
30.Qc2e2 Nc5e6
31.g3 Ne6c5
32.h4 Nc5d3
33.Rd1xd3 cxd3
34.Qe2xd3 Kg7
35.Qd3d4 h5
36.e6 Kh7
37.Rd5d7 Re7xd7
38.Qd4xd7 { abandon }1-0

[Event "Eq:LES CHATTERBOX-Royal Kids :"]
[Site "www.echecsemail.com"]
[Date "2026.02.01"]
[Round "1"]
[White "Nbelnico"]
[Black "Uji40"]
[WhiteElo "1680"]
[BlackElo "1630"]
[Result "1-0"]
1.e4 e5
2.Ng1f3 Nb8c6
3.Bf1c4 h6
4.O-O Bf8c5
5.a4 Nc6a5
6.Bc4a2 d6
7.h3 Ng8f6
8.d3 O-O
9.c3 Rf8e8
10.b4 Bc8xh3
11.gxh3 Qd8d7
12.Kh2 Bc5xf2
13.Rf1xf2 Nf6g4
14.hxg4 Qd7xg4
15.Rf2g2 Qg4h5
16.Kg1 Na5c6
17.Qd1b3 Qh5xf3
18.Bc1xh6 g6
19.Nb1d2 Re8e6
20.Nd2xf3 Re6f6
21.Ra1f1 Kh7
22.Bh6g5 Rf6e6
23.Nf3h4 Ra8f8
24.Rf1xf7 Rf8xf7
25.Qb3xe6 Rf7g7
26.Bg5f6 Nc6d8
27.Bf6xd8 { abandon }1-0

[Event "Eq:fouschess-Les enfants de l Atlantide :"]
[Site "www.echecsemail.com"]
[Date "2026.02.01"]
[Round "1"]
[White "Roschecx"]
[Black "Bassdark"]
[WhiteElo "1650"]
[BlackElo "2020"]
[Result "0-1"]
1.e4 e6
2.Ng1f3 d5
3.e5 Ng8e7
4.d4 Ne7f5
5.c3 c5
6.h3 Nb8c6
7.Bf1e2 cxd4
8.cxd4 Bf8b4
9.Bc1d2 Nf5xd4
10.Nf3xd4 Bb4xd2
11.Qd1xd2 Nc6xe5
12.Be2b5 Bc8d7
13.Bb5xd7 Qd8xd7
14.O-O O-O
15.Qd2e2 Ne5g6
16.Nb1d2 Ra8c8
17.Ra1c1 Qd7a4
18.Rc1xc8 Rf8xc8
19.Nd4b3 Qa4xa2
20.Rf1a1 Qa2xb2
21.Ra1xa7 h6
22.Ra7xb7 Ng6f4
23.Qe2f3 Qb2e5
24.Kf1 Rc8c3
25.Qf3d1 Qe5g5
26.g3 Nf4xh3
27.Qd1b1 g6
28.Nd2f3 Rc3xf3
29.Kg2 Rf3xf2
30.Kh1 Qg5xg3
31.Rb7b8 Kh7
{ abandon }0-1

[Event "Défi"]
[Site "www.echecsemail.com"]
[Date "2026.02.01"]
[Round "1"]
[White "Castor"]
[Black "Tiounet"]
[WhiteElo "1360"]
[BlackElo "1570"]
[Result "0-1"]
1.d4 b5
2.e4 Bc8b7
3.f3 a6
4.c4 bxc4
5.Bf1xc4 e6
6.Ng1h3 g6
7.O-O Bf8g7
8.Bc1e3 Ng8e7
9.Nb1c3 O-O
10.Qd1b3 Qd8c8
11.Ra1c1 Nb8c6
12.Rc1d1 Nc6a5
13.Qb3b4 Na5xc4
14.Be3g5 Ne7c6
15.Qb4xc4 Rf8e8
16.e5 d6
17.f4 dxe5
18.fxe5 Nc6a5
19.Qc4d3 c5
20.Nc3e4 cxd4
21.Ne4d6 Qc8c6
22.Nd6xe8 Ra8xe8
23.Nh3f4 h6
24.Bg5f6 g5
25.Nf4h5 Qc6xg2
0-1

[Event "Tournoi n27307"]
[Site "www.echecsemail.com"]
[Date "2026.02.01"]
[Round "1"]
[White "Cyrilf"]
[Black "Willkommen54"]
[WhiteElo "1940"]
[BlackElo "1990"]
[Result "1/2-1/2"]
1.e4 c5
2.Ng1f3 d6
3.d4 cxd4
4.Nf3xd4 Ng8f6
5.Nb1c3 a6
6.b3 e6
7.Bc1b2 Bf8e7
8.Bf1d3 O-O
9.O-O Qd8c7
10.Rf1e1 Bc8d7
11.Qd1e2 Nb8c6
12.Nd4xc6 Bd7xc6
13.e5 dxe5
14.Qe2xe5 Be7d6
15.Qe5g5 Bd6xh2
16.Kf1 Bh2f4
17.Qg5h4 Bf4h6
18.Nc3e2 Qc7d8
19.Ra1d1 Nf6d5
20.Qh4h2 Qd8g5
21.Bb2c1 Qg5f6
22.a3 Bc6b5
23.c4 Bb5c6
24.cxd5 Bc6xd5
25.Bc1xh6 Qf6xh6
26.Qh2xh6 gxh6
27.Ne2d4 Ra8c8
28.Rd1c1 Kg7
29.b4 b5
30.Rc1c5 Bd5b7
31.Re1c1 Rc8d8
32.Nd4xe6 fxe6
33.Rc5c7 Rf8f7
34.Bd3xh7 Rd8f8
35.Bh7b1 Bb7d5
36.f3 Bd5c4
37.Rc7xc4 bxc4
38.Rc1xc4 Rf8d8
39.Bb1a2 Rd8d6
40.Rc4g4 Kf6
41.Rg4e4 Rd6c6
42.Ba2c4 Rf7c7
43.Bc4e2 Rc6c1
44.Kf2 Rc1c2
45.g4 Rc7c3
46.a4 Rc2b2
47.Kg3 Rc3c6
48.b5 axb5
49.Be2xb5 Rc6d6
50.Re4e1 Rb2b3
51.Re1h1 Kg7
52.Rh1e1 Kf6
{ nul }1/2-1/2

[Event "Défi"]
[Site "www.echecsemail.com"]
[Date "2026.02.01"]
[Round "1"]
[White "Intrigue"]
[Black "Roquefort"]
[WhiteElo "1730"]
[BlackElo "1870"]
[Result "0-1"]
1.c4 Ng8f6
2.d4 c5
3.Ng1f3 cxd4
4.Nf3xd4 Nb8c6
5.Nb1c3 d6
6.e4 Bc8g4
7.f3 Bg4h5
8.Bc1e3 h6
9.Bf1e2 e6
10.O-O Bf8e7
11.f4 Bh5xe2
12.Qd1xe2 O-O
13.Ra1d1 Nc6xd4
14.Be3xd4 Qd8a5
15.Qe2d3 Ra8c8
16.a3 Qa5a6
17.Rf1e1 Qa6xc4
18.Qd3xc4 Rc8xc4
19.e5 dxe5
20.Bd4xe5 Be7c5
21.Kh1 Nf6g4
22.Nc3e4 Rc4xe4
23.h3 Ng4f2
24.Kh2 Re4xe1
25.Rd1xe1 Rf8d8
26.b4 Bc5b6
27.Re1e2 Nf2d3
28.Re2d2 Rd8d7
29.g3 Nd3xe5
{ abandon }0-1

[Event "Défi( 10J+24H/c 10J Max )"]
[Site "www.echecsemail.com"]
[Date "2026.02.01"]
[Round "1"]
[White "Sam"]
[Black "Sylvia13"]
[WhiteElo "1650"]
[BlackElo "1600"]
[Result "1-0"]
1.e4 e5
2.Ng1f3 Nb8c6
3.Nb1c3 Ng8f6
4.Bf1c4 d5
5.Nc3xd5 Nf6xe4
6.O-O Bc8g4
7.d3 Ne4g5
8.Nd5e3 Ng5xf3
9.Kh1 Nf3xh2
10.Ne3xg4 Nh2xf1
11.Qd1xf1 Qd8h4
12.Ng4h2 Bf8e7
13.Bc1e3 O-O
14.Ra1e1 Be7b4
15.c3 Bb4a5
16.b4 Ba5b6
17.Be3xb6 axb6
18.Re1e4 Qh4h5
19.Qf1e2 Qh5h6
20.Kg1 Ra8a3
21.Qe2c2 Nc6e7
22.Qc2b2 Rf8a8
23.Re4xe5 Ne7g6
24.Re5f5 Kh8
25.Rf5xf7 b5
26.Bc4d5 c6
27.Bd5e6 Ra3a7
28.Nh2g4 Qh6h5
29.c4 Ra8g8
30.Ng4f6 gxf6
31.Qb2xf6 Rg8g7
32.Qf6xg7 1-0

[Event "Tournoi n27400"]
[Site "www.echecsemail.com"]
[Date "2026.02.01"]
[Round "1"]
[White "U27940"]
[Black "Willkommen54"]
[WhiteElo "2080"]
[BlackElo "2020"]
[Result "1-0"]
1.d4 Ng8f6
2.Ng1f3 d5
3.c4 e6
4.Bc1g5 Bf8e7
5.Nb1c3 a6
6.e3 Nb8d7
7.cxd5 exd5
8.Bf1e2 O-O
9.O-O b5
10.Ra1c1 Bc8b7
11.a3 Nd7b6
12.Nf3e5 Nb6c4
13.Be2xc4 dxc4
14.a4 b4
15.Nc3e2 Bb7d5
16.Ne2f4 c6
17.Ne5xc4 a5
18.Nc4e5 Ra8c8
19.Bg5xf6 Be7xf6
20.Ne5g4 Bf6g5
21.Nf4xd5 cxd5
22.Ng4e5 Rc8xc1
23.Qd1xc1 Qd8c8
24.Ne5c6 Qc8c7
25.Qc1c5 Rf8c8
26.Rf1c1 Qc7d7
27.Qc5b5 Rc8a8
28.Rc1c5 Qd7c7
29.Rc5xd5 Bg5d8
30.g3 g6
31.Rd5c5 Bd8e7
32.Nc6xe7 Qc7xe7
33.Qb5b6 Qe7a7
34.Qb6xa7 Ra8xa7
35.b3 Kf8
36.Kg2 h5
37.h4 Ke7
38.Kf3 Kd6
39.Kf4 f6
40.e4 Ra7a8
41.f3 Ra8a7
42.g4 Ra7a8
43.gxh5 gxh5
44.Rc5xh5 { abandon }1-0

[Event "Défi"]
[Site "www.echecsemail.com"]
[Date "2026.02.01"]
[Round "1"]
[White "Serjo"]
[Black "Turbo"]
[WhiteElo "1250"]
[BlackElo "1330"]
[Result "0-1"]
1.e4 e5
2.Ng1f3 Nb8c6
3.a3 h6
4.Nb1c3 Bf8c5
5.Qd1e2 Ng8f6
6.b3 Nf6g4
7.h3 Ng4xf2
8.Rh1h2 O-O
9.g3 d5
10.Nc3a4 Nc6d4
11.Qe2xf2 Nd4xc2
12.Kd1 Bc5xf2
13.Kxc2 d4
14.Rh2xf2 c5
15.Na4xc5 Qd8c7
16.b4 b6
17.Kd3 bxc5
18.Ra1b1 c4
19.Ke2 d3
20.Ke1 Qc7c6
21.Kd1 Qc6xe4
22.Nf3g1 Qe4d4
23.Rf2g2 c3
24.Rb1b3 c2
25.Ke1 Qd4e4
26.Rg2e2 dxe2
27.Ng1xe2 Bc8a6
28.Rb3e3 Qe4c4
29.Re3c3 Qc4a2
30.Bf1g2 Ba6xe2
31.Kxe2 Kh7
32.Bg2e4 f5
33.Be4xc2 e4
34.Ke3 Qa2a1
{ abandon }0-1

[Event "Tournoi n27421"]
[Site "www.echecsemail.com"]
[Date "2026.02.01"]
[Round "1"]
[White "Legros"]
[Black "Verson"]
[WhiteElo "1760"]
[BlackElo "1800"]
[Result "1-0"]
1.e4 e6
2.Ng1f3 d5
3.exd5 exd5
4.d4 Ng8f6
5.Nb1c3 c6
6.g3 Bf8b4
7.Bc1d2 O-O
8.Bf1g2 Rf8e8
9.Bd2e3 Bc8f5
10.O-O Nb8d7
11.Rf1e1 Nf6e4
12.Be3d2 Ne4xd2
13.Nf3xd2 Qd8c7
14.Nd2f3 Nd7f6
15.Nf3e5 Nf6e4
16.Re1e3 f6
17.Ne5f3 Ne4xc3
18.bxc3 Bb4d6
19.Qd1d2 Kf7
20.Nf3h4 Re8xe3
21.fxe3 Bf5e4
22.Nh4f3 Ra8e8
23.Qd2e2 Qc7e7
24.Ra1e1 Qe7e6
25.Qe2f2 b6
26.Nf3g5 Kg8
27.Ng5xe6 Re8xe6
28.Bg2xe4 { abandon }1-0

[Event "Coupe Niveau 2"]
[Site "www.echecsemail.com"]
[Date "2026.02.01"]
[Round "1"]
[White "Domenico"]
[Black "Nbelnico"]
[WhiteElo "1810"]
[BlackElo "1690"]
[Result "1-0"]
1.e4 e5
2.Bf1c4 h6
3.Ng1f3 d6
4.O-O Ng8f6
5.d3 Bf8e7
6.Nb1c3 O-O
7.Bc1e3 a6
8.b4 Nb8c6
9.a3 b5
10.Bc4a2 Bc8g4
11.Ba2d5 Nf6xd5
12.exd5 Nc6b8
13.d4 exd4
14.Be3xd4 Nb8d7
15.Qd1d3 c5
16.bxc5 dxc5
17.Bd4e5 Bg4xf3
18.Qd3xf3 Nd7xe5
19.Qf3f5 Ne5g6
20.Ra1d1 b4
21.axb4 cxb4
22.Nc3e4 Be7d6
23.Rd1d4 Ng6h4
24.Qf5h3 Ra8c8
25.Ne4xd6 Rc8xc2
26.Rd4xh4 Qd8xd6
27.Qh3g4 Kh7
28.Qg4e4 Qd6g6
29.Qe4xb4 Qg6g5
30.Rh4g4 Qg5d8
31.Qb4e4 g6
32.Qe4xc2 Qd8xd5
33.h4 a5
34.Rf1d1 Qd5e5
35.Rd1d4 Qe5e1
36.Kh2 Qe1e5
37.Rd4f4 Kg7
38.g3 f6
39.Qc2xg6 Kh8
40.Qg6g7 1-0

[Event "Eq:LES CHATTERBOX-Royal Kids :"]
[Site "www.echecsemail.com"]
[Date "2026.02.01"]
[Round "1"]
[White "Pgo"]
[Black "Hberlioz"]
[WhiteElo "1750"]
[BlackElo "1660"]
[Result "1-0"]
1.e4 e5
2.Ng1f3 Nb8c6
3.Bf1b5 Ng8f6
4.d3 d5
5.Nf3xe5 Qd8d6
6.Ne5xc6 bxc6
7.Bb5a4 Bc8d7
8.O-O Bf8e7
9.a3 O-O
10.Bc1g5 h6
11.Bg5h4 Nf6g4
12.Bh4g3 Qd6g6
13.h3 Ng4f6
14.exd5 Nf6xd5
15.Ba4b3 Nd5e3
16.fxe3 Qg6xg3
17.Rf1f3 Qg3g6
18.Qd1e1 Kh8
19.Rf3g3 Qg6h7
20.Rg3f3 c5
21.Bb3xf7 Bd7e8
22.Bf7d5 Rf8xf3
23.Bd5xa8 Rf3f6
24.Ba8e4 g6
25.Nb1c3 Qh7f7
26.Be4d5 Qf7f8
27.Nc3e4 Rf6b6
28.b3 a5
29.a4 g5
30.Qe1e2 c6
31.Bd5e6 Rb6b7
32.Ra1f1 Qf8g7
33.Qe2g4 Be8g6
34.Be6c8 Rb7c7
35.Bc8f5 h5
36.Qg4g3 Qg7b2
37.Qg3xc7 { abandon }1-0

[Event "Défi"]
[Site "www.echecsemail.com"]
[Date "2026.02.01"]
[Round "1"]
[White "Wenoketo"]
[Black "Cocodou"]
[WhiteElo "1660"]
[BlackElo "1650"]
[Result "0-1"]
1.d4 d5
2.Ng1f3 Nb8c6
3.Bc1f4 h6
4.h3 Ng8f6
5.Nb1d2 e6
6.e3 Bf8d6
7.Bf4xd6 cxd6
8.Bf1e2 O-O
9.O-O Nf6e4
10.Nd2xe4 dxe4
11.Nf3d2 d5
12.a3 a6
13.Ra1c1 b6
14.c4 Bc8b7
15.c5 b5
16.Rf1e1 Kh7
17.b4 f5
18.Nd2f1 Qd8f6
19.Nf1h2 g6
20.Kh1 Qf6h4
21.Re1f1 Qh4e7
22.Rc1b1 Nc6a7
23.Rb1c1 Na7c6
24.Rf1g1 Rf8g8
25.Qd1f1 Ra8f8
26.Rc1b1 Nc6a7
27.Rb1c1 Na7c6
28.Rc1c2 f4
29.exf4 Rf8xf4
30.Qf1e1 Nc6xd4
31.Rc2d2 Nd4xe2
32.Qe1xe2 Bb7c6
33.Rg1d1 Rg8f8
34.Rd1f1 h5
35.g3 Rf4f6
36.Qe2e3 Qe7f7
37.Kg1 Qf7g7
38.Rf1e1 Qg7f7
39.Re1e2 Rf8a8
40.g4 Qf7g7
41.g5 Rf6f5
42.h4 Ra8f8
43.Kg2 Rf5f4
44.Kg3 Rf4f3
45.Nh2xf3 Rf8xf3
46.Qe3xf3 exf3
47.Kxf3 e5
48.Kg3 e4
{ abandon }0-1

[Event "Tournoi n27432"]
[Site "www.echecsemail.com"]
[Date "2026.02.01"]
[Round "1"]
[White "Verson"]
[Black "Jajaf1959"]
[WhiteElo "1800"]
[BlackElo "1920"]
[Result "1-0"]
1.d4 d5
2.Ng1f3 Ng8f6
3.e3 Bc8g4
4.c3 e6
5.Nb1d2 Bf8d6
6.Bf1d3 Nb8d7
7.O-O O-O
8.h3 Bg4h5
9.e4 dxe4
10.Nd2xe4 Nf6xe4
11.Bd3xe4 c6
12.Bc1g5 Qd8b6
13.b3 f6
14.Bg5e3 Qb6c7
15.c4 f5
16.Be4d3 f4
17.Be3d2 h6
18.Bd2c3 Ra8e8
19.Bd3c2 e5
20.dxe5 Bd6xe5
21.Qd1d3 Be5xc3
22.Qd3xc3 Re8e2
23.Qc3d3 Bh5xf3
24.gxf3 Rf8e8
25.Qd3h7 Kf7
26.Bc2g6 Kf8
27.Qh7h8 Ke7
28.Qh8xe8 Kd6
29.Qe8xe2 { abandon }1-0